Tri poklony histórie alebo Príbehy o Popoluške

Bibliographic Details
Main Author: Fordinálová, Eva, 1941- (Author)
Other Authors: Sopko, Július, 1929-2020 (Compiler)
Format: Article
Language:Slovak
ISSN:0862-5999
Subjects:

MARC

LEADER 00000nab a2200000 a 4500
001 vtls000585466
003 SK-MaSNL
005 20260426101500.0
008 160202c1996 xo 0 slo
015 |a SNBRB19rr/mm-uuuuu 
035 |a CL0585605 
040 |a SNKBUCL  |b slo  |c SNKBUCL  |e AACR2 
041 0 |a slo 
044 |a xo  |c SK 
080 |a 904(437.6)(048):093.3"04/14"  |2 1981 
080 |a 093.3"04/14"  |2 1981 
100 1 |a Fordinálová, Eva,  |d 1941-  |4 aut  |9 87521 
245 1 0 |a Tri poklony histórie  |b alebo Príbehy o Popoluške  |c Eva Fordinálová 
650 0 7 |a kroniky  |2 snkbucl  |9 29539 
650 0 7 |a stredovek  |2 snkbucl  |9 4259 
651 7 |a Slovensko  |2 snkbucl  |9 14231 
655 7 |a články z novín a časopisov  |2 snkbucl  |9 267496 
700 1 |a Sopko, Július,  |d 1929-2020  |4 com  |9 205169 
773 0 |t Literárny týždenník  |g Roč. 9, č. 14 (1996), s. 12  |x 0862-5999 
787 0 8 |i Rec.:  |a Sopko, Július  |t Kroniky stredovekého Slovenska  |d Budmerice : RAK, 1995 
850 |a Slovenská národná knižnica v Martine  |a MTA001 
852 |a SNK  |b KIS3GCP 
958 |a RK 
958 |a SK 
999 |c 3230255  |d 3232185